| 000 | 00763nam a2200181Ia 4500 | ||
|---|---|---|---|
| 008 | 100920s9999 xx 000 0 und d | ||
| 082 |
_b62827 _a61 थ 48 |
||
| 100 | _aअनु. दिवाण कुंदर. / नारायण जयप्रकाश | ||
| 245 | _aविद्यार्थ्यांमधें. | ||
| 260 |
_bपरंधाम विद्यापीठ प्रकाशन , पवनार (वर्धा). _c1948 |
||
| 300 |
_a46 _bसाधी |
||
| 365 | _b0.25 | ||
| 520 | _aस्थानिक वाचन. | ||
| 630 | _aविद्यार्थ्यांमधें. | ||
| 650 | _aस्थानिक वाचन. | ||
| 730 | _aविद्यार्थ्यांमधें. | ||
| 942 | _cBOOK | ||
| 999 |
_c705916 _d705913 |
||